000 00658nam a2200181 4500
001 138392
003 ES-MaACL
005 20230906195546.0
007 t|
008 070214s1950 ag r ||||1| spa d
100 1 _aSanders, Thomas Henry.
_9103080
245 1 0 _aContabilidad industrial
_b: (la contabilidad de costos como factor de control) /
_cThomas Henry Sanders ; traducción directa de la 8ª edición (61ª impresión) del inglés de Jorge Bravo.
250 _a1ª ed. argentina.
260 _aBuenos Aires :
_bSelección Contable,
_c1950.
300 _a2 t. ;
_c23 cm.
700 1 _aBravo, Jorge.
_931460
852 _aES-MaACL
_jF-633-4
_bR.39991
999 _c138392
_d138392